Score 0/20 Timer 02:00
0 Plays Today
% Correct
Feeling
90.3%
Rock
88.8%
Brown
84.6%
Tonight
78.7%
Devil
77%
Really
73.9%
You
66.6%
Horses
66.4%
Love
63.5%
Peace
52.4%
% Correct
Cream
45.6%
Train
35.8%
Knocking
35.8%
Dead
25.1%
Lost
22.9%
Brixton
22.7%
Atomic
20.4%
Glory
19.7%
Bombs
18.8%
Mile
14.4%

Today's Daily Dose

Remove Ads.
Support Sporcle.
Get the best of Sporcle when you Go Orange. This ad-free experience offers more features, more stats, and more fun while also helping to support Sporcle. Thank you for becoming a member.

You're not logged in!

Compare scores with friends on all Sporcle quizzes.
OR
Log In

Show Comments

Extras

Top Quizzes Today


Score Distribution

Your Account Isn't Verified!

In order to create a playlist on Sporcle, you need to verify the email address you used during registration. Go to your Sporcle Settings to finish the process.

Report this User

Report this user for behavior that violates our Community Guidelines.

Details: